000 00690cam a2200205 i 4500
003 IT-RoINE
005 20200928060413.0
008 080416s1929 sp |r|||| 000 | spa d
040 _aSpMaBN
_cSpMaBNIT-RoINE
_dIT-RoINE
110 2 _aCatedral de Almería (España)
_963120
245 1 0 _aEstatutos de la santa y apostólica Iglesia Catedral de Almería.
260 _aAlmería :
_bImprenta E. Opihuela,
_c[1929]
300 _a154 p. ;
_c16 cm.
336 _2rdacontent
_atext
337 _2rdamedia
_aunmediated
338 _2rdacarrier
_avolume
610 2 4 _aCatedral de Almería (España)
_xEstatutos
_963121
710 2 _aAlmería (España : Diócesis).
_bObispado
_920040
942 _cMTS
999 _c32181
_d32181